000 00393nam a22001697a 4500
005 20160528113926.0
008 160528b xxu||||| |||| 00| 0 eng d
020 _a81-203-2040-5
041 _aeng
082 _b5765
100 _aSrinivasan, R.
_91419
245 _aInternational Marketing
260 _aNew Delhi
_bPHI,
_c2005
300 _a182
650 _aManagement
_9241
942 _cBK
999 _c2042
_d2041